| 000 | 00695nam a2200253Ia 4500 | ||
|---|---|---|---|
| 003 | OSt | ||
| 005 | 20220926013143.0 | ||
| 006 | a|||||r|||| 00| 0 | ||
| 007 | ta | ||
| 008 | 220923b |||||||| |||| 00| 0 eng d | ||
| 020 | _a006046046 | ||
| 037 | _cGeneral Book | ||
| 040 |
_aRTL _cRTL _beng |
||
| 041 |
_2eng _aeng |
||
| 082 | _aX93:9, L1;M3 | ||
| 100 | _aStahl O. Glenn | ||
| 245 | 0 | _aPublic personnel administration | |
| 250 | _a8th | ||
| 260 |
_aNew York _bHarper and Row U. S. A. _c1983 |
||
| 300 |
_avi, 570p. Bibliography p.533-58 _ccm. |
||
| 650 | _aPublic Sector Economics | ||
| 942 |
_hX93:9, L1;M3 _cGB _2CC |
||
| 999 |
_c625274 _d625274 |
||